Steam turbine operation; (Record no. 3317)
[ view plain ]
| 000 -LEADER | |
|---|---|
| fixed length control field | 00729nac a22002051u 4500 |
| 010 ## - LIBRARY OF CONGRESS CONTROL NUMBER | |
| LC control number | 52002865 |
| 035 ## - SYSTEM CONTROL NUMBER | |
| System control number | (OCoLC)5198921 |
| 082 ## - DEWEY DECIMAL CLASSIFICATION NUMBER | |
| Classification number | 621.165 |
| Item number | K215 |
| 090 ## - LOCALLY ASSIGNED LC-TYPE CALL NUMBER (OCLC); LOCAL CALL NUMBER (OCLC) | |
| -- | 3317 |
| -- | 3317 |
| 100 ## - MAIN ENTRY--PERSONAL NAME | |
| Personal name | Kearton, W. J. |
| 245 00 - TITLE STATEMENT | |
| Title | Steam turbine operation; |
| Remainder of title | a textbook on the installation, running, maintenance, and testing of steam turbines. |
| 250 ## - EDITION STATEMENT | |
| Edition statement | 6th ed. |
| 260 ## - PUBLICATION, DISTRIBUTION, ETC. (IMPRINT) | |
| Place of publication, distribution, etc | London, |
| Name of publisher, distributor, etc | Pitman |
| Date of publication, distribution, etc | [1952] |
| 300 ## - PHYSICAL DESCRIPTION | |
| Extent | 453 p. |
| Other physical details | illus. |
| Dimensions | 23 cm. |
| 500 ## - GENERAL NOTE | |
| General note | Donations. |
| 500 ## - GENERAL NOTE | |
| General note | Donations - Bibliotheca Alexandrina. |
| 650 #0 - SUBJECT ADDED ENTRY--TOPICAL TERM | |
| Topical term or geographic name as entry element | Steam-turbines. |
| 942 ## - ADDED ENTRY ELEMENTS (KOHA) | |
| Item type | Book - Borrowing |
| Call number prefix | 621.165K215 |
| Withdrawn status | Item status | Source of classification or shelving scheme | Damaged status | Not for loan | Home library | Current library | Shelving location | Date acquired | Source of acquisition | Total Checkouts | Full call number | Barcode | Date last seen | Koha item type |
|---|---|---|---|---|---|---|---|---|---|---|---|---|---|---|
| Dewey Decimal Classification | Central Library | Central Library | First floor | 03/04/2007 | Purchase | 621.165 KEA | 000030367 | 15/07/2025 | Book - Borrowing |